The states of Myanmar are...... - Statistics

General Stats
  • This quiz has been taken 7 times
  • The average score is 22 of 36
Answer Stats
Question Tile Select % Correct
landlock states Yes
100%
landlock states No
83%
landlock states No
83%
coastal states Yes
83%
coastal states Yes
83%
states that have more population than 3, 000, 000 Yes
83%
states bordering Thailand Yes
83%
states that start with the Burmese letter 'က' No
83%
landlock states No
67%
coastal states No
67%
states that have more population than 3, 000, 000 No
67%
the states that are bigger than 37,000.1 km2 Yes
67%
the states that are bigger than 37,000.1 km2 Yes
67%
the states that are bigger than 37,000.1 km2 No
67%
the states that are bigger than 37,000.1 km2 No
67%
states bordering Thailand No
67%
states bordering Thailand No
67%
states that start with the Burmese letter 'က' No
67%
landlock states Yes
50%
landlock states No
50%
coastal states No
50%
coastal states Yes
50%
coastal states Yes
50%
states that have more population than 3, 000, 000 Yes
50%
states that have more population than 3, 000, 000 No
50%
the states that are bigger than 37,000.1 km2 No
50%
the states that are bigger than 37,000.1 km2 Yes
50%
states bordering Thailand No
50%
states bordering Thailand Yes
50%
states that start with the Burmese letter 'က' Yes
50%
states that start with the Burmese letter 'က' Yes
50%
states that start with the Burmese letter 'က' No
50%
states that have more population than 3, 000, 000 No
33%
states that have more population than 3, 000, 000 No
33%
states bordering Thailand Yes
33%
states that start with the Burmese letter 'က' No
17%
No matching quizzes found
Score Distribution
Percent of People with Each Score
Percentile by Number Answered
Your Score History
You have not taken this quiz